Central Library OPAC University of Rajshahi

Elements of metaphysics / (Record no. 1375)

MARC details
000 -LEADER
fixed length control field 00730cam a22002531 4500
001 - CONTROL NUMBER
control field 1375
003 - CONTROL NUMBER IDENTIFIER
rucl marc code BD-RjUL
005 - DATE AND TIME OF LATEST TRANSACTION
control field 20211208233328.0
008 - FIXED-LENGTH DATA ELEMENTS--GENERAL INFORMATION
fixed length control field 131125s19561903enk b 001 0 eng d
035 ## - SYSTEM CONTROL NUMBER
System control number (BD-RjUL)
System control number (BDjRUL)1397
040 ## - CATALOGING SOURCE
Original cataloging agency DLC
Transcribing agency ODaWU
Modifying agency OCoLC
-- FTaSU
-- BD-RjUL
Language of cataloging eng
041 ## - LANGUAGE CODE
Language code of text/sound track or separate title eng
082 #4 - DEWEY DECIMAL CLASSIFICATION NUMBER
Edition number 21
Classification number 123.5
Author mark and year TAE 1956
100 1# - MAIN ENTRY--PERSONAL NAME
Personal name Taylor, A. E.
Fuller form of name (Alfred Edward),
Dates associated with a name 1869-1945.
9 (RLIN) 4071
245 10 - TITLE STATEMENT
Title Elements of metaphysics /
Statement of responsibility, etc. by A.E. Taylor.
260 ## - PUBLICATION, DISTRIBUTION, ETC. (IMPRINT)
Place of publication, distribution, etc. London:
Name of publisher, distributor, etc. Methuen,
Date of publication, distribution, etc. 1903 [reprented1956]
300 ## - PHYSICAL DESCRIPTION
Pagination vi, 419 p. ;
Size 23 cm.
504 ## - BIBLIOGRAPHY, ETC. NOTE
Bibliography, etc Short bibliographies at end of chapters.
650 #0 - SUBJECT ADDED ENTRY--TOPICAL TERM
Topical term or geographic name as entry element Metaphysics.
9 (RLIN) 2787
942 ## - ADDED ENTRY ELEMENTS (KOHA)
Source of classification or shelving scheme Dewey Decimal Classification
Koha item type Books
Holdings
Lost status Source of classification or shelving scheme Damaged status Not for loan Collection code Permanent Location Current Location Shelving location Date acquired Source of acquisition Cost, normal purchase price Total Checkouts Full call number Date last seen Copy number Koha item type
  Dewey Decimal Classification     Non-fiction Central Library, University of Rajshahi Central Library, University of Rajshahi   19/01/1965 Zeitlinger 30.00   123.5 TAE 1956 25/11/2013 C-4 Books
  Dewey Decimal Classification   Not For Loan Non-fiction Central Library, University of Rajshahi Central Library, University of Rajshahi Reading Room 19/01/1965 Zeitliger 30.00   123.5 TAE 1956 25/11/2013 C-1 Books
  Dewey Decimal Classification     Non-fiction Central Library, University of Rajshahi Central Library, University of Rajshahi   19/01/1965 zeithinger 30.00   123.5 TAE 1956 30/03/2014 C-5 Books
  Dewey Decimal Classification     Non-fiction Central Library, University of Rajshahi Central Library, University of Rajshahi   05/03/1965 zeithinger 30.00   123.5 TAE 1956 30/03/2014 C-8 Books
  Dewey Decimal Classification     Non-fiction Central Library, University of Rajshahi Central Library, University of Rajshahi   05/02/1968 zeithinger 30.00   123.5 TAE 1956 30/03/2014 C-7 Books
  Dewey Decimal Classification     Non-fiction Central Library, University of Rajshahi Central Library, University of Rajshahi   30/04/1968 Zitlinger 30.00   123.5 TAE 1956 31/03/2014 C-2 Books
  Dewey Decimal Classification     Non-fiction Central Library, University of Rajshahi Central Library, University of Rajshahi   30/04/1968 Zitlinger 30.00   123.5 TAE 1956 31/03/2014 C-3 Books
  Dewey Decimal Classification     Non-fiction Central Library, University of Rajshahi Central Library, University of Rajshahi   30/04/1968 Zitlinger 30.00   123.5 TAE 1956 31/03/2014 C-6 Books
  Dewey Decimal Classification     Non-fiction Central Library, University of Rajshahi Central Library, University of Rajshahi   06/05/1968 zeithinger 30.00   123.5 TAE 1956 31/03/2014 C-9 Books
  Dewey Decimal Classification     Non-fiction Central Library, University of Rajshahi Central Library, University of Rajshahi   19/01/1965 zeithinger 30.00   123.5 TAE 1956 31/03/2014 C-10 Books